|
|
|
|
| LEADER |
00000nam a22000007a 4500 |
| 005 |
2011100303193.0 |
| 008 |
111003s2009 cl |||||s|||| 00||0 spa d |
| 020 |
|
|
|a 978-956-10-1193-9
|
| 035 |
|
|
|a 5820
|
| 040 |
|
|
|a vLex
|
| 090 |
|
|
|c 2584
|d 2584
|
| 100 |
1 |
|
|a Figueroa Velasco, Patricio
|
| 245 |
1 |
0 |
|a Manual de Derecho Tributario
|h [Recurso electrn̤ico] :
|b El Impuesto a la Renta /
|c Patricio Figueroa Velasco
|p Parte general
|
| 256 |
|
|
|a Servicio en ln̕ea.
|
| 260 |
|
|
|a [Chile] :
|b Editorial jurd̕ica de Chile,
|c 2010.
|
| 300 |
|
|
|a 1 recurso electrn̤ico
|
| 506 |
1 |
|
|a Contenido solo disponible en los productos indicados
|d vLex Global
|d vLex Global (Academic Edition, excluding Law Schools)
|d vLex Global (U.S. Academic Edition, Law Schools)
|d vLex Global (U.S. Academic Edition, excluding Law Schools)
|d vLex Global (Academic Edition, Law Schools)
|
| 650 |
0 |
4 |
|a Derecho fiscal
|z Chile
|
| 740 |
0 |
|
|a vLex Libros (Servicio en ln̕ea)
|
| 856 |
4 |
0 |
|u http://vlex.com/source/manual-derecho-tributario-impuesto-renta-parte-general-5820
|z Acceso restringido
|
| 942 |
|
|
|c BOOK
|